| 000 | 01068cam a2200301 a 4500 | ||
|---|---|---|---|
| 020 | _a0439136350 (hc) | ||
| 020 | _a0439136369 (pb) | ||
| 040 | _cDLC | ||
| 082 | 0 | 0 | _a823 ART 1999 A094 Or. |
| 100 | 1 | _aRowling, J. K. | |
| 245 | 1 | 0 | _aHarry Potter and the prisoner of Azkaban / |
| 260 |
_aNew York : _bArthur A. Levine Books, _c1999. |
||
| 300 |
_aix, 435 p. : _bill. ; _c24 cm. |
||
| 500 | _a"Year 3"--Spine. | ||
| 500 | _aSequel to: Harry Potter and the Chamber of Secrets. | ||
| 500 | _aSequel: Harry Potter and the goblet of fire. | ||
| 520 | _aDuring his third year at Hogwarts School for Witchcraft and Wizardry, Harry Potter must confront the devious and dangerous wizard responsible for his parents' deaths. | ||
| 650 | 0 | _aGranger, Hermione (Fictitious character) | |
| 650 | 0 | _aWeasley, Ron (Fictitious character) | |
| 650 | 0 | _aHogwarts School of Witchcraft and Wizardry (Imaginary organization) | |
| 650 | 0 | _aWizards | |
| 650 | 0 | _aMagic | |
| 650 | 0 | _aSchools | |
| 650 | 1 | _aWizards | |
| 650 | 1 | _aMagic | |
| 650 | 1 | _aSchools | |
| 942 | _cEK | ||
| 999 |
_c13946 _d13946 |
||